Censo agropecuario, 1984. Aves de corral fuera de finca

Este fascículo del Censo Agropecuario da la información de las aves de corral (fuera de finca), o sea aquellas aves caseras o en gallineros que no reunen las características de granja avícola. Los datos se presentan por provincias, cantones, distritos y tipos de aves. HBQ/mb

में बचाया:
ग्रंथसूची विवरण
निगमित लेखक: Costa Rica. Ministerio de Economía, Industria y Comercio. Dirección General de Estadística y Censos
स्वरूप: मूलपाठ
प्रकाशित: San José: DGEC. Sección de publicaciones
विषय:
टैग: टैग जोड़ें
कोई टैग नहीं, इस रिकॉर्ड को टैग करने वाले पहले व्यक्ति बनें!

MARC

LEADER 00000 a a2200000 04500
001 13474
003
040
090 |a 0001 CR8375ce 1984  
110 |a Costa Rica. Ministerio de Economía, Industria y Comercio. Dirección General de Estadística y Censos  
245 |a Censo agropecuario, 1984. Aves de corral fuera de finca  
260 |a San José:   |b DGEC. Sección de publicaciones  
300 |a 24 p.  
300 |b **no definido**  
520 |a Este fascículo del Censo Agropecuario da la información de las aves de corral (fuera de finca), o sea aquellas aves caseras o en gallineros que no reunen las características de granja avícola. Los datos se presentan por provincias, cantones, distritos y tipos de aves. HBQ/mb  
650 |a AVES  
650 |a DEPARTAMENTOS  
650 |a MUNICIPIOS  
650 |a DISTRITOS  
999 |c 1120  |d 1120